Ceny vstupov do poľnohospodárstva rástli vlani takmer dvakrát rýchlejšie ako agrárne ceny

Roztváranie cenových nožníc medzi vstupmi a výstupmi v poľnohospodárstve ako jeden z negatívnych dôsledkov transformácie. Vývoj cenových nožníc. Vývoj cien vo vertikále potravín. Zo vstupov najviac zdraželi krmivá. Ceny ovocia a zeleniny. Ceny mlynských a škrobárenských výrobkov.

Saved in:
Bibliographic Details
Main Author: Izakovičová, Beáta
Other Authors: Ševčíková, Mária
Format: Book Chapter
Language:Slovak
Subjects:
Tags: Add Tag
No Tags, Be the first to tag this record!

MARC

LEADER 00000naa a2200000 4500
001 r031304
005 20230921083234.1
041 0 |a slo 
044 |a SK 
245 1 0 |a Ceny vstupov do poľnohospodárstva rástli vlani takmer dvakrát rýchlejšie ako agrárne ceny  |c Beáta Izakovičová, Mária Ševčíková 
520 |a Roztváranie cenových nožníc medzi vstupmi a výstupmi v poľnohospodárstve ako jeden z negatívnych dôsledkov transformácie. Vývoj cenových nožníc. Vývoj cien vo vertikále potravín. Zo vstupov najviac zdraželi krmivá. Ceny ovocia a zeleniny. Ceny mlynských a škrobárenských výrobkov. 
610 2 0 |a poľnohospodárstvo 
610 2 0 |a potravinárstvo 
610 2 0 |a potraviny 
610 2 0 |a ceny 
610 2 0 |a vstupy 
610 2 0 |a výstupy 
610 2 0 |a nožnice cenové 
610 2 0 |a krmoviny 
610 2 0 |a ovocie 
610 2 0 |a zelenina 
610 2 0 |a výrobky poľnohospodárske 
100 1 |a Izakovičová, Beáta 
700 1 |a Ševčíková, Mária